00244pam a2200097 a 4500020000500000041000500005100002900010245005200039260004700091300000800138 c h aGupta R.K. B.G. Dabral  aForest Ecology Environment forest and Rain fall bOxford and IBHPublication New Delhi c2000 a595